000 00492nam a22001697a 4500
005 20251108164644.0
008 250721s1991 xx 000 0 ara d
082 1 4 _a414/ربي
100 1 _aربيع، محمد أحمد
245 1 0 _aعلوم البلاغة العربية /
264 1 _aعمان :
_bدار الفكر للنشر والتوزيع،
_c1991.
300 _a184ص.
650 1 7 _aاللغة العربية
650 1 7 _aالبلاغة
942 _2ddc
_cBK
999 _c11038
_d11038